| 000 | 00713nam a2200181Ia 4500 | ||
|---|---|---|---|
| 008 | 100921s9999 xx 000 0 und d | ||
| 082 |
_b23944 _a891.463 थ 91 |
||
| 100 | _aभट रविंद्र. | ||
| 245 | _aसागरा प्राण तळमळला. | ||
| 260 |
_bइंद्रायणी साहित्य,पुणे. _c1991 |
||
| 300 |
_a364 _bभावे पुस्तक भांडार,पुणे |
||
| 365 | _b90 | ||
| 520 | _aललित-कादंबरी. | ||
| 630 | _aसागरा प्राण तळमळला. | ||
| 650 | _aललित-कादंबरी. | ||
| 730 | _aसागरा प्राण तळमळला. | ||
| 942 | _cBOOK | ||
| 999 |
_c773057 _d773054 |
||